Dollarization lessons from Europe and the Americas /

Bibliographic Details
Corporate Author: ProQuest (Firm)
Other Authors: Rochon, Louis-Philippe., Seccareccia, Mario.
Format: Electronic eBook
Language:English
Published: London ; New York : Routledge, 2003.
Series:Routledge international studies in money and banking ; 22.
Subjects:
Online Access:Click to View
LEADER 01561nam a2200409Ia 4500
001 EBC241836
003 MiAaPQ
005 20200520144314.0
006 m o d |
007 cr cn|||||||||
008 021125s2003 enka sb 001 0 eng d
010 |z  2002037065 
020 |z 0203987748 
020 |z 0415298784 
035 |a (MiAaPQ)EBC241836 
035 |a (Au-PeEL)EBL241836 
035 |a (CaPaEBR)ebr10099896 
035 |a (CaONFJC)MIL10740 
035 |a (OCoLC)935227607 
040 |a MiAaPQ  |c MiAaPQ  |d MiAaPQ 
050 4 |a HG925  |b .D64 2003 
082 0 4 |a 332.4/94  |2 21 
245 0 0 |a Dollarization  |h [electronic resource] :  |b lessons from Europe and the Americas /  |c edited by Louis-Philippe Rochon and Mario Seccareccia. 
260 |a London ;  |a New York :  |b Routledge,  |c 2003. 
300 |a x, 180 p. :  |b ill. 
490 1 |a Routledge international studies in money and banking ;  |v 22 
504 |a Includes bibliographical references and index. 
533 |a Electronic reproduction. Ann Arbor, MI : ProQuest, 2015. Available via World Wide Web. Access may be limited to ProQuest affiliated libraries. 
650 0 |a Monetary policy  |z European Union countries. 
650 0 |a Monetary policy  |z America. 
650 0 |a Dollar, American. 
655 4 |a Electronic books. 
700 1 |a Rochon, Louis-Philippe. 
700 1 |a Seccareccia, Mario. 
710 2 |a ProQuest (Firm) 
830 0 |a Routledge international studies in money and banking ;  |v 22. 
856 4 0 |u https://ebookcentral.proquest.com/lib/matrademy/detail.action?docID=241836  |z Click to View